Statistics for 2019-2020 Chicago Bears Current Roster

Click here to take the quiz!

General Stats

  • This quiz has been taken 386 times
  • The average score is 17 of 38

Answer Stats

HintAnswer% Correct
QBMitchell Trubisky
96%
LBKhalil Mack
87%
WRAllen Robinson
86%
RBTarik Cohen
82%
RBDavid Montgomery
81%
FSEddie Jackson
78%
CBKyle Fuller
74%
DEAkeim Hicks
73%
CoachMatt Nagy
70%
QBChase Daniel
67%
WRAnthony Miller
66%
WRTaylor Gabriel
57%
TETrey Burton
56%
OLCody Whitehair
54%
OLKyle Long
52%
DTEddie Goldman
47%
SSHaHa Clinton-Dix
47%
PPat O'Donnell
44%
LBDanny Trevathan
43%
OLCharles Leno Jr.
42%
CBPrince Amukamara
39%
OLBobby Massie
36%
OLJames Daniels
36%
RBMike Davis
36%
QBTyler Bray
36%
WRCordarrelle Patterson
34%
TEAdam Shaheen
32%
WRRiley Ridley
32%
CBBuster Skrine
29%
LBLeonard Floyd
29%
DLBilal Nichols
27%
LSPatrick Scales
24%
TEBen Braunecker
16%
CBKevin Toliver
8%
LBNick Kwiatkoski
7%
CBSherrick McManis
7%
DEJonathan Bullard
5%
KChris Blewitt
3%

Score Distribution

Percentile by Number Answered

Percent of People with Each Score

Your Score History

You have not taken this quiz